effect of trichoderma harzianum on lettuch at royal university of agricultur ឥទ្ធិពលនៃទ្រីកូឌៃម៉ាលើដំណាំសាលាដក្នុងលក្ខណ្ឌសាកលវិទ្យាល័យភូមិន្ទកសិកម្ម (Record no. 18166)
[ view plain ]
| 000 -LEADER | |
|---|---|
| fixed length control field | 00686nam a22001577a 4500 |
| 003 - CONTROL NUMBER IDENTIFIER | |
| control field | OSt |
| 005 - DATE AND TIME OF LATEST TRANSACTION | |
| control field | 20190821144325.0 |
| 008 - FIXED-LENGTH DATA ELEMENTS--GENERAL INFORMATION | |
| fixed length control field | 190821b xxu||||| |||| 00| 0 eng d |
| 040 ## - CATALOGING SOURCE | |
| Transcribing agency | RUA |
| 082 ## - DEWEY DECIMAL CLASSIFICATION NUMBER | |
| Classification number | AGR RUN 2017 B644 Or.1 |
| 100 ## - MAIN ENTRY--PERSONAL NAME | |
| 9 (RLIN) | 13838 |
| Personal name | RUN PHEARUM រុន ភារំុ |
| 245 ## - TITLE STATEMENT | |
| Title | effect of trichoderma harzianum on lettuch at royal university of agricultur ឥទ្ធិពលនៃទ្រីកូឌៃម៉ាលើដំណាំសាលាដក្នុងលក្ខណ្ឌសាកលវិទ្យាល័យភូមិន្ទកសិកម្ម |
| 260 ## - PUBLICATION, DISTRIBUTION, ETC. (IMPRINT) | |
| Place of publication, distribution, etc. | RUA |
| Name of publisher, distributor, etc. | Phnom Penh |
| Date of publication, distribution, etc. | 2017 |
| 300 ## - PHYSICAL DESCRIPTION | |
| Extent | x;40p |
| Other physical details | ill; |
| Dimensions | 29cm |
| 942 ## - ADDED ENTRY ELEMENTS (KOHA) | |
| Source of classification or shelving scheme | |
| Koha item type | AGR |
| Price effective from | Date last seen | Permanent Location | Not for loan | Date acquired | Source of classification or shelving scheme | Koha item type | Lost status | Withdrawn status | Date last checked out | Total Checkouts | Shelving location | Damaged status | Barcode | Current Location | Full call number |
|---|---|---|---|---|---|---|---|---|---|---|---|---|---|---|---|
| 2019-08-21 | 2019-08-21 | Library Block B | 2019-08-21 | AGR | B644 | A42024 | Library Block B | AGR RUN 2017 B644 Or.1 | |||||||
| 2019-08-21 | 2020-07-14 | Library Block B | 2019-08-21 | AGR | 2020-07-10 | 1 | B644 | A42631 | Library Block B | AGR RUN 2017 B644 Or.2 | |||||
| 2019-08-21 | 2019-08-21 | Library Block B | 2019-08-21 | AGR | B644 | A42174 | Library Block B | AGR RUN 2017 B644 Or.3 | |||||||
| 2019-08-21 | 2022-03-22 | Library Block B | 2019-08-21 | AGR | 2022-02-14 | 2 | B644 | A42884 | Library Block B | AGR RUN 2017 B644 Or.4 | |||||
| 2019-08-21 | 2019-08-21 | Library Block B | 2019-08-21 | AGR | B644 | A42809 | Library Block B | AGR RUN 2017 B644 Or.5 | |||||||
| 2019-08-21 | 2019-08-21 | Library Block B | 2019-08-21 | AGR | B644 | A42879 | Library Block B | AGR RUN 2017 B644 Or.6 |